Holiday Quiz

Random Holiday or Halloween Quiz

Corn Maze Art Quiz Stats

Quiz Updated Oct 12, 2016

Challenge
Share
Tweet
Score 0/24 Timer 06:00
4 Plays Today
% Correct
Halloween
98.6%
Campbell's Soup Cans
96.9%
Albert Einstein
89.7%
United States
89.4%
The Simpsons
88.8%
Amusement Park
85.6%
Mona Lisa
83.8%
Alice in Wonderland
83%
Skull & Cross Bones
82%
Spider Web
81.1%
Jack-O-Lantern
80.9%
Sphinx
80.7%
% Correct
Louis Armstrong
74.3%
Vitruvian Man
68.4%
John Kerry and George Bush
65.6%
Harry Potter
61.4%
Taylor Swift
59.9%
Polyphemus
55.9%
Doctor Who
53.8%
Charles Darwin
43.5%
Julia Child
39.4%
Al Roker
36.9%
Bubba Watson
30.4%
Billy Mays
25.8%

You're not logged in!

Compare scores with friends on all Sporcle quizzes.
Join for Free
OR
Log In

You Might Also Like...

Show Comments

Extras

Top Quizzes Today


Score Distribution

Your Account Isn't Verified!

In order to create a playlist on Sporcle, you need to verify the email address you used during registration. Go to your Sporcle Settings to finish the process.

Report this User

Report this user for behavior that violates our Community Guidelines.

Details: